1293 1258 1675 1989 1261 1402 1787 1698 1202 1054 1145 1301 1022 1576 1802 1333 1623 1388 1013 1538 1917 1946 1847 1349 1919 1982 1131 1689 1584 1068 1984 1481 1994 1905 1246 1282 1383 1865 1872 1280 1617 1855 1545 1903 1809 1515 1373 1399 1866 1374 1747 1274 1885 1361 1353 1545 1903 1719 1943 1577 1592 1543 1088 1333 1246 1066 1363 1123 1480 1002 1124 1804 1948 1475 1143 1641 1143 1701 1126 1187 1741 1366 1595 1351 1974 1908 1903 1125 1233 1739 1652 1111 1564 1028 1846 1063 1470 1690 1918 BCNSPRNW ULIB Ver.6.0+V

เปลี่ยนเป็นภาษาไทย

Change to English
 แสดงรายละเอียดบรรณานุกรม
  กลับหน้าหลัก

Brief Record : Get Marc (ISO 2709) : E-mail record : QR code < ปิดหน้าต่าง
LEADER : 00000nam 2200000uu 4500
001    13399109954
003     ULIB
008    110419s2551||||th 000 0 tha d
020    9789740921547
060 04 WM105^bป525 2551
245 10 ปัญหาจิต ปัญหาใจ ปัญหาเด็ก--เด็ก--ปัญหาผู้ใหญ่แก้ไขได้ด้วยตัวคุณ / ^cคณะแพทยศาสตร์ จุฬาลงกรณ์มหาวิทยาลัย ; บรรณาธิการ ภุชงค์ เหล่ารุจิสวัสดิ์... [และคนอื่นๆ]
246 30 ปัญหาจิต ปัญหาใจปัญหาเด็ก..เด็ก..ปัญหาผู้ใหญ่แก้ไขได้ด้วยตัวคุณ
250    พิมพ์ครั้งที่ 2
260    กรุงเทพฯ :^bสรรพสาร,^c2551
300    102 หน้า :^bภาพประกอบ ;^c21 ซม.
440  0 ความรู้ทางการแพทย์สู่ประชาชน
650  7 สุขภาพจิต ^xรวมเรื่อง
650  7 สุขภาพจิต ^xในวัยเด็ก
650  7 สุขภาพจิต ^xในวัยผู้ใหญ่
700 0  ภุชงค์ เหล่ารุจิสวัสดิ์,^eบรรณาธิการ
710 2  จุฬาลงกรณ์มหาวิทยาลัย^bคณะแพทยศาสตร์
945    ^p90^l0^i025288
945    ^p90^l0^i025287
945    ^p90^l0^i025087
945    ^p90^l0^i025086
945    ^p90^l0^i025085
945    ^p90^l0^i025088
995    เกษร
999 ^a ใช้งานได้ทุกระบบ
รายการนี้ยังไม่มีแท็ก
คุณยังไม่ได้ล็อกอิน คุณสามารถมีกิจกรรมร่วมกับเว็บไซต์ได้ แต่ต้องล็อกอินก่อน ::
  ล็อกอิน

รายการสื่อสารสนเทศ

ลำดับที่ ประเภท เลขเรียก/บาร์โค้ด สถานที่ สถานะ
- ไม่พบข้อมูล -

BibComment


ยังไม่เคยถูกคอมเมนท์

คอมเมนท์ทรัพยากรรายการนี้
  คอมเมนท์: ปัญหาจิต ปัญหาใจ ..


 Copyright 2026. Bcnsprnw @Library